Trippie Redd Albums on the Billboard 200 - Statistics

General Stats
  • This quiz has been taken 46 times
    29 since last reset
  • The average score is 7 of 8
Answer Stats
Peak Weeks On Highest Charting Song Album % Correct
#3 13 Weeks MAC 10 (ft. Lil Baby & Lil Duke) !
100%
#64 45 Weeks Poles1469 (with 6ix9ine) A Love Letter to You
96%
#34 7 Weeks Bust Down A Love Letter to You 2
92%
#3 54 Weeks Topanga A Love Letter to You 3
92%
#1 (1 Week) 66 Weeks Who Needs Love A Love Letter to You 4
92%
#4 60 Weeks Taking a Walk Life's a Trip
88%
#2 15 Weeks Weeeeee Pegasus
83%
#2 27 Weeks Miss the Rage (ft. Playboi Carti) Trip at Knight
79%
No matching quizzes found
Score Distribution
Percent of People with Each Score
Percentile by Number Answered
Your Score History
You have not taken this quiz since the last reset